00612 2200229 4500001002100000005001500021035002000036007000300056008004100059082001800100084002400118100001800142245004600160260004400206300002900250856002800279650001200307650001200319650001400331650001400345990002300359INLIS00000000000661720230904024656 a0010-0923000001ta230904 0 ind  a(03)658.312.5 a(03)658.312.5 TIM s1 aTIMPE, A.Dale1 aSeri Manajemen Sumberdaya Manusia Kinerja aJakarta :bElex Media Komputindo,c1991 a438p. :bilus ;c23,5 cm aPerpustakaan BSIP Jatim 4aKinerja 4aPrilaku 4aDiagnosis 4aPenilaian a319/BSIPJATIM/2023